Statistiques concernant Personnalités politiques françaises n°8

Cliquez ici pour prendre le quiz!

Statistiques générales

  • Ce quiz a été pris 584 fois
  • Le résultat moyen est 6 sur 20

Statistiques - réponses

Réponse% Correct
Éric Woerth
50%
Jean-Louis Debré
50%
Bertrand Delanoë
39%
Amélie de Montchalin
37%
Aurélie Filippetti
36%
Claude Guéant
35%
François Léotard
35%
Frédérique Vidal
33%
Julien Dray
33%
Mounir Mahjoubi
32%
Thierry Mariani
30%
Claude Bartolone
27%
Alain Madelin
22%
Roxana Maracineanu
22%
Grégory Doucet
19%
Alain Krivine
18%
Élisabeth Guigou
17%
Benoît Payan
12%
Jean Saint-Josse
8%
Gilles Simeoni
5%

Distribution des résultats

Percentile par nombre de réponses

% des personnes avec chaque résultat

Votre développement - résultats

Vous n’avez pas pris ce quiz